| 000 | 00526nam a2200169 a 4500 | ||
|---|---|---|---|
| 001 | 2318 | ||
| 003 | CDMR | ||
| 005 | 20130318110442.0 | ||
| 008 | 130130s1993||||||||||||||||||||||||||||d | ||
| 020 | _a8479351233 | ||
| 040 |
_aCDMR _bcat _cCPC LLEIDA |
||
| 245 | 1 | 3 |
_aLa regió agrària de Lleida _cJornades d'Estudis Agraris ; Víctor Breton ... [et al.] ; edició a cura de F. López Palomeque |
| 260 |
_aLleida _c1993 _bPagès |
||
| 490 | 0 | _aEl Fil d'Ariadna | |
| 700 | 1 |
_91736 _aLópez Palomeque, Francesc _eed. |
|
| 942 |
_cMON _2udc |
||
| 999 |
_c2318 _d2318 |
||